000 00473nam a2200157Ia 4500
999 _c19259
_d19259
003 OSt
005 20200618150350.0
008 190216s9999||||xx |||||||||||||| ||und||
040 _coclc
082 _a954
_bLAT/O
100 _aLatif, Syed Abdul
_93061
245 0 _aAn Outline Of The Cultural History Of India /
_cSyed Abdul Latif
260 _bOrient Paper Books,
_c1979.
_aNew Delhi:
300 _a364p
942 _cBK
_2ddc
_h954
_iLAT/O
_k954
_mLAT/O